000 00445nam a2200169 i 4500
001 bgj
100 1 _aFORSYTH, Frederick
_d(1938- ).
245 1 0 _aThe Dogs of War /
_cFrederick Forsyth.
260 _aToronto :
_bBantam Books,
_c1985.
300 _a371 pp ;
_c18 cm.
650 9 _aFiction in English
_xTexts
_y1945-
650 9 _aEnglish fiction
040 _cBPK
041 0 _aeng
942 _cKS
008 s uk f |000 0 eng
999 _c48564
_d48564
856 _uhttp://koha.tu.koszalin.pl/cgi-bin/koha/opac-detail.pl?biblionumber=48564
_yKatalog online BPK